00528nam a22001457a 4500010001300000020002300013035001300036035001300049082000800062100001500070245009400085260004300179270012300222300003700345 aB-307217 a812301368Xc190.00 aB-307217 adfdgdgdg a080 a Ayer, S.A aSelected speechs of Subhas Chandra Bosec by S.A. Ayer bwith a biographical introduction aNew Delhi bPublication Divisionc2006 aMinistry of Information and Broadcasting, Govt. of India, Soochna Bhawan, CGO Complex Lodhi Road, bNew Delhi e110003 a234p.:c24cm (pbk) bb&w photos